Every Artist To Feature On An Offset Album - Statistics

General Stats
  • This quiz has been taken 4 times
  • The average score is 9 of 24
Answer Stats
album tracks artists % Correct
FATHER OF 4 Legacy 21 Savage
100%
FATHER OF 4 Clout Cardi B
100%
FATHER OF 4 On Fleek Quavo
100%
FATHER OF 4 Legacy Travis Scott
100%
FATHER OF 4 Wild Wild West Gunna
67%
FATHER OF 4 How Did I Get Here J. Cole
67%
KIARI Bodies JID
67%
KIARI Pills YoungBoy Never Broke Again
67%
FATHER OF 4 Quarter Milli Gucci Mane
33%
KIARI Never Let Go John Legend
33%
KIARI Run It Up Key Glock
33%
KIARI Prada Myself Teezo Touchdown
33%
KIARI Favorite Girl Ty Dolla $ign
33%
KIARI Back In That Mode YFN Lucci
33%
FATHER OF 4 Father Of 4 Big Rube
0%
FATHER OF 4 North Star CeeLo Green
0%
SET IT OFF PRINCESS CUT Chlöe
0%
SET IT OFF WORTH IT Don Toliver
0%
SET IT OFF BROAD DAY Future
0%
SET IT OFF FINE AS CAN BE Latto
0%
HAUNTED BY FAME ANOTHER PROBLEM Lil Dump
0%
SET IT OFF SKYAMI Mango Foo
0%
HAUNTED BY FAME N.A.M.E NoCap
0%
SET IT OFF DOPE BOY Young Nudy
0%
No matching quizzes found
Score Distribution
Percent of People with Each Score
Percentile by Number Answered
Your Score History
You have not taken this quiz